000 01659nam a2200493 i 4500
001 30630
003 KOSZ 005
005 20201027131551.0
008 980707s1995 pl a f |001 0 pol
015 _aUWD 1996/5751
020 _a8386600373
020 _a8386600381
035 _a991004042999705066
035 _a(PL-WaBN)b11074747-48omnis_nlop
035 _ab11074747
035 _a(OCoLC)749528604
035 _a(PL)b0000001107474
035 _a(EXLNZ-48OMNIS_NETWORK)9910436302805606
040 _aWA N
_cWA N
_dKOSZ 005/EG
080 _a523
080 _a(03)
100 1 _aWnuk, Edwin
_d(1948- )
_eAutor
245 1 0 _aPlaneta Ziemia /
_cEdwin Wnuk.
246 1 8 _aGeografia świata
260 _aPoznań :
_b"Kurpisz",
_c1995.
300 _a351, [1] s. :
_bfot. kolor., mapy, portr., rys., wykr. ;
_c30 cm.
336 _aTekst
_btxt
_2rdacontent
337 _aBez urządzenia pośredniczącego
_bn
_2rdamedia
338 _aWolumin
_bnc
_2rdacarrier
380 _aKsiążki
388 _a1901-2000
388 _a1989-2000
490 1 _aWielka encyklopedia geografii świata / kom. nauk. Stefan Kozarski (przewodn.) [et al.] ;
_vt. 1
504 _aIndeks.
650 7 _aUkład Słoneczny
_2DBN
658 _aGeografia i nauki o Ziemi
658 _aFizyka i astronomia
700 1 _aKozarski, Stefan
_d(1930-1996)
_eRedakcja
710 2 _aWydawnictwo Kurpisz
_4pbl
830 0 _aWielka encyklopedia geografii świata ;
_vt. 1
856 _uhttp://koha.tu.koszalin.pl/cgi-bin/koha/opac-detail.pl?biblionumber=30630
_yKatalog online BPK
942 _2UKD
_cKS
999 _c30630
_d30630